| 000 | 00410cam a2200157ua 4500 | ||
|---|---|---|---|
| 041 |
_aeng _h |
||
| 082 |
_a621.366 _bSER/LA |
||
| 100 | _aSeries, G W . | ||
| 245 |
_aLaser spectroscopy and other topics / _cG W Series. _hTextual Documents |
||
| 260 |
_aBangalore : _bIndian Academy of Sciences , _c1985. |
||
| 300 | _a632 ; . | ||
| 500 | _a** Reference | ||
| 504 | _a | ||
| 942 | _cBK | ||
| 999 |
_c10451 _d10451 |
||